[Event "POL Region-ch U17"]
[Site "Lochow"]
[Date "2010.10.27"]
[Round "5.6"]
[White "Rozycki, Bartlomiej"]
[Black "Tulwin, Michal"]
[Result "1-0"]
[WhiteElo "1762"]
[BlackElo "1819"]
[PlyCount "67"]
[EventDate "2010.10.23"]
[EventType "swiss"]
[EventRounds "7"]
[EventCountry "POL"]
[SourceTitle "EXT 2023"]
[Source "ChessBase"]
[SourceDate "2022.10.05"]
[SourceVersion "1"]
[SourceVersionDate "2022.10.05"]
[SourceQuality "1"]

1. e4 c5 2. d4 cxd4 3. c3 d3 4. Bxd3 e6 5. c4 Qc7 6. Nf3 d6 7. 0-0 Nd7 8. Be3 Ngf6 9. Nc3 a6 10. Qe2 b6 11. Nd4 Bb7 12. f4 Nc5 13. Bf2 Rc8 14. Bc2 Be7 15. Bg3 h5 16. h3 h4 17. Bh2 Kd7 18. b4 Nh5 19. Rfd1 Ng3 20. Bxg3 hxg3 21. bxc5 g5 22. cxd6 Bxd6 23. Nb3 gxf4 24. e5 f3 25. Qe3 f2+ 26. Kf1 Rxh3 27. gxh3 Qxc4+ 28. Ne2 g2+ 29. Kxf2 Rg8 30. Rxd6+ Ke7 31. Rd7+ Kxd7 32. Qd3+ Qxd3 33. Bxd3 g1Q+ 34. Rxg1 1-0

[Event "POL Region-ch U17"]
[Site "Lochow"]
[Date "2010.10.25"]
[Round "3.6"]
[White "Tulwin, Michal"]
[Black "Korecki, Piotr"]
[Result "0-1"]
[WhiteElo "1819"]
[BlackElo "1558"]
[PlyCount "100"]
[EventDate "2010.10.23"]
[EventType "swiss"]
[EventRounds "7"]
[EventCountry "POL"]
[SourceTitle "EXT 2023"]
[Source "ChessBase"]
[SourceDate "2022.10.05"]
[SourceVersion "1"]
[SourceVersionDate "2022.10.05"]
[SourceQuality "1"]

1. e4 e6 2. d4 d5 3. Nd2 Nf6 4. e5 Nfd7 5. Bd3 c5 6. c3 Nc6 7. Ne2 cxd4 8. cxd4 Be7 9. 0-0 Nf8 10. Nf3 Ng6 11. a3 Bd7 12. Nf4 Rc8 13. Nh5 0-0 14. Qd2 Qb6 15. Nxg7 Nxd4 16. Qh6 Nxf3+ 17. gxf3 Qd4 18. f4 Bg5 19. Qxg5 Kxg7 20. Rd1 Rxc1 21. Raxc1 Qxf4 22. Qxf4 Nxf4 23. Rc7 Bc6 24. b4 Nxd3 25. Rxd3 a6 26. Rc3 Kh6 27. Rg3 d4 28. Kf1 d3 29. Ke1 Rd8 30. Kd2 Rd5 31. f4 Rd4 32. Rxf7 Be8 33. Rf6+ Bg6 34. Rxe6 Rxf4 35. Ke3 Re4+ 36. Kd2 Re2+ 37. Kd1 Ra2 38. Rxd3 Rxh2 39. Rd2 Rh1+ 40. Ke2 Rh3 41. Rd3 Rxd3 42. Rxg6+ Kxg6 43. Kxd3 Kf5 44. Kd4 Ke6 45. Ke4 h5 46. Kf4 h4 47. Kg4 Kxe5 48. Kxh4 Kd4 49. Kg3 Kc4 50. Kf3 b5 0-1

[Event "Mazowiec-chT 0910"]
[Site "Mazowsze"]
[Date "2010.05.09"]
[Round "11.26"]
[White "Tulwin, Michal"]
[Black "Rozycki, Bartlomiej"]
[Result "0-1"]
[WhiteElo "1828"]
[BlackElo "1740"]
[PlyCount "86"]
[EventDate "2009.11.29"]
[EventType "team-tourn"]
[EventRounds "11"]
[EventCountry "POL"]
[SourceTitle "EXT 2011"]
[Source "ChessBase"]
[SourceDate "2010.11.26"]
[SourceVersion "1"]
[SourceVersionDate "2010.11.26"]
[SourceQuality "1"]

1. e4 e5 2. Nf3 Nc6 3. Bc4 Bc5 4. 0-0 Nf6 5. d4 exd4 6. e5 d5 7. exf6 dxc4 8. Re1+ Be6 9. Ng5 Qd5 10. Nc3 Qf5 11. Nce4 0-0-0 12. Nxc5 Qxc5 13. Nxe6 fxe6 14. fxg7 Rhg8 15. Qg4 Qf5 16. Qe4 Qxe4 17. Rxe4 e5 18. Bg5 Rd6 19. Bh4 Rxg7 20. Bg3 Rd5 21. Rae1 Re7 22. c3 Kd7 23. Bh4 Rf7 24. Bg3 Rf5 25. f4 exf4 26. Bxf4 dxc3 27. bxc3 b5 28. g4 Rf7 29. Be5 Nxe5 30. Rxe5 Rxe5 31. Rxe5 c6 32. Kg2 Kd6 33. Re4 c5 34. Kg3 Kd5 35. Rf4 Rxf4 36. Kxf4 b4 37. cxb4 cxb4 38. Ke3 Ke5 39. h4 h6 40. Kd2 Kf4 41. g5 hxg5 42. h5 Kf5 43. h6 Kg6 0-1

[Event "Milanowek op"]
[Site "Milanowek"]
[Date "2009.06.27"]
[Round "8"]
[White "Szymczak, Rafal"]
[Black "Tulwin, Michal"]
[Result "1/2-1/2"]
[WhiteElo "2025"]
[BlackElo "1808"]
[PlyCount "80"]
[EventDate "2009.06.20"]
[EventType "swiss"]
[EventRounds "9"]
[EventCountry "POL"]
[SourceTitle "CBM 131 Extra"]
[Source "ChessBase"]
[SourceDate "2009.09.03"]
[SourceVersion "2"]
[SourceVersionDate "2009.09.16"]
[SourceQuality "1"]

1. f4 d5 2. Nf3 Nf6 3. g3 Nc6 4. Bg2 Bf5 5. d3 e6 6. c3 Qd7 7. Ne5 Nxe5 8. fxe5 Ng4 9. d4 f6 10. h3 Nh6 11. Bxh6 gxh6 12. exf6 Bd6 13. g4 Bg3+ 14. Kd2 Bg6 15. Qb3 0-0-0 16. Na3 c6 17. Nc2 e5 18. Qa3 Kb8 19. Qe7 exd4 20. Nxd4 Qc8 21. Qe3 Qc7 22. Raf1 Rhe8 23. Qxh6 c5 24. Nf5 Bxf5 25. Rxf5 d4 26. f7 dxc3+ 27. Kc1 cxb2+ 28. Kb1 Rf8 29. Qe3 c4 30. Kxb2 Bd6 31. Rb5 Bf4 32. Qe4 Rxf7 33. Kc3 Re7 34. Rxb7+ Qxb7 35. Qxf4+ Qc7 36. Rb1+ Kc8 37. Qf5+ Rdd7 38. Bb7+ Kd8 39. Qf8+ Re8 40. Qf6+ Ree7 1/2-1/2

[Event "Warsaw YMCA Autumn 54th"]
[Site "Warsaw"]
[Date "2008.12.10"]
[Round "12"]
[White "Sujkowski, Pawel"]
[Black "Tulwin, Michal"]
[Result "1-0"]
[WhiteElo "1816"]
[BlackElo "1794"]
[PlyCount "71"]
[EventDate "2008.10.07"]
[EventType "tourn"]
[EventRounds "13"]
[EventCountry "POL"]
[SourceTitle "EXT 2019"]
[Source "ChessBase"]
[SourceDate "2018.10.10"]
[SourceVersion "1"]
[SourceVersionDate "2018.10.10"]
[SourceQuality "1"]

1. d4 f5 2. c4 g6 3. Nc3 Nf6 4. h4 Bg7 5. h5 Nxh5 6. e4 fxe4 7. Rxh5 gxh5 8. Qxh5+ Kf8 9. Bh6 e6 10. Nxe4 Qe7 11. 0-0-0 Bxh6+ 12. Qxh6+ Ke8 13. Nf3 b5 14. Qh5+ Kd8 15. Qxb5 a6 16. Qb3 Nc6 17. Ne5 Nxe5 18. dxe5 Qh4 19. Qe3 Rf8 20. g3 Qe7 21. Qb3 h5 22. Bg2 Ra7 23. Nf6 Qc5 24. f4 d5 25. Bxd5 Ke7 26. Bf3 Rxf6 27. exf6+ Kxf6 28. Qc3+ Kg6 29. Rh1 Bb7 30. Bxh5+ Kf5 31. Re1 Be4 32. Bf3 Bxf3 33. Re5+ Qxe5 34. Qxe5+ Kg6 35. Qxe6+ Kg7 36. f5 1-0

[Event "Warsaw YMCA Autumn 54th"]
[Site "Warsaw"]
[Date "2008.11.21"]
[Round "2"]
[White "Szymankiewicz, Jan"]
[Black "Tulwin, Michal"]
[Result "0-1"]
[WhiteElo "1642"]
[BlackElo "1794"]
[PlyCount "62"]
[EventDate "2008.10.07"]
[EventType "tourn"]
[EventRounds "13"]
[EventCountry "POL"]
[SourceTitle "EXT 2019"]
[Source "ChessBase"]
[SourceDate "2018.10.10"]
[SourceVersion "1"]
[SourceVersionDate "2018.10.10"]
[SourceQuality "1"]

1. d4 f5 2. c4 g6 3. Nf3 Bg7 4. Nc3 Nf6 5. e3 d6 6. Bd3 0-0 7. b3 Qe8 8. 0-0 c6 9. Bb2 h6 10. Qc2 e5 11. e4 f4 12. dxe5 dxe5 13. Ba3 Rf7 14. Rad1 g5 15. c5 Kh8 16. Bc4 Rf8 17. b4 Nh7 18. Rd6 Qh5 19. Be6 Bxe6 20. Rxe6 g4 21. Ne1 Rg8 22. f3 Ng5 23. Rd6 Bf8 24. Rd3 Nd7 25. Rxd7 gxf3 26. Nxf3 Nxf3+ 27. Rxf3 Qxf3 28. Rd3 Rxg2+ 29. Qxg2 Qxd3 30. Bb2 Bxc5+ 31. bxc5 Rg8 0-1

[Event "Warsaw YMCA Autumn 54th"]
[Site "Warsaw"]
[Date "2008.10.29"]
[Round "5"]
[White "Tulwin, Michal"]
[Black "Prazmowski, Wlodzimierz"]
[Result "1/2-1/2"]
[WhiteElo "1794"]
[BlackElo "1748"]
[PlyCount "84"]
[EventDate "2008.10.07"]
[EventType "tourn"]
[EventRounds "13"]
[EventCountry "POL"]
[SourceTitle "EXT 2019"]
[Source "ChessBase"]
[SourceDate "2018.10.10"]
[SourceVersion "1"]
[SourceVersionDate "2018.10.10"]
[SourceQuality "1"]

1. e4 c5 2. Nf3 d6 3. d4 cxd4 4. Nxd4 a6 5. Be3 Nf6 6. f3 e5 7. Nb3 Be6 8. Nc3 Be7 9. Qd2 0-0 10. g4 d5 11. exd5 Nxd5 12. Nxd5 Qxd5 13. 0-0-0 Qxd2+ 14. Rxd2 Nc6 15. Nc5 Bxc5 16. Bxc5 Rfd8 17. Bd3 Rd5 18. Bb6 Nb4 19. Rhd1 Nxa2+ 20. Kb1 Nb4 21. Be4 Rxd2 22. Rxd2 Nc6 23. Bd5 Re8 24. Bxc6 bxc6 25. b3 g6 26. c4 Rb8 27. Rd8+ Rxd8 28. Bxd8 f5 29. Bc7 fxg4 30. fxg4 e4 31. h3 h5 32. gxh5 Bxh3 33. hxg6 Kg7 34. Kc2 Kxg6 35. Kc3 Kf6 36. Kd4 Bg2 37. Kc5 e3 38. Kb6 e2 39. Bg3 Kf5 40. b4 Bf1 41. Kxc6 e1Q 42. Bxe1 Bxc4 1/2-1/2

[Event "POL-ch U15"]
[Site "Sekocin"]
[Date "2008.10.19"]
[Round "9.2"]
[White "Tulwin, Michal"]
[Black "Kadziela, Konrad"]
[Result "1-0"]
[WhiteElo "1794"]
[BlackElo "1861"]
[PlyCount "54"]
[EventDate "2008.10.13"]
[EventType "swiss"]
[EventRounds "3"]
[EventCountry "POL"]
[SourceTitle "EXT 2023"]
[Source "ChessBase"]
[SourceDate "2022.10.05"]
[SourceVersion "1"]
[SourceVersionDate "2022.10.05"]
[SourceQuality "1"]

1. e3 d5 2. c4 c6 3. d4 e6 4. cxd5 exd5 5. Bd3 Bd6 6. Nc3 Nf6 7. Nge2 0-0 8. Qc2 h6 9. h3 a6 10. g4 c5 11. dxc5 Bxc5 12. g5 hxg5 13. h4 gxh4 14. Rxh4 Ne4 15. Rh1 Ng5 16. Nxd5 Qd6 17. f4 Re8 18. Nec3 Nh3 19. Bd2 Nc6 20. 0-0-0 Nf2 21. Ne4 Qxd5 22. Nxf2 Bb6 23. Bc4 Qf5 24. e4 Nd4 25. Qd3 Qc5 26. Kb1 Rd8 27. Nh3 Nb5 1-0

[Event "POL-ch U15"]
[Site "Sekocin"]
[Date "2008.10.16"]
[Round "5.5"]
[White "Suliborski, Artur"]
[Black "Tulwin, Michal"]
[Result "1-0"]
[WhiteElo "1658"]
[BlackElo "1794"]
[PlyCount "99"]
[EventDate "2008.10.13"]
[EventType "swiss"]
[EventRounds "3"]
[EventCountry "POL"]
[SourceTitle "EXT 2023"]
[Source "ChessBase"]
[SourceDate "2022.10.05"]
[SourceVersion "1"]
[SourceVersionDate "2022.10.05"]
[SourceQuality "1"]

1. d4 f5 2. c4 g6 3. Nc3 Nf6 4. g3 Bg7 5. Bg2 d6 6. Nf3 0-0 7. 0-0 Qe8 8. Re1 Nh5 9. e4 f4 10. gxf4 Na6 11. Ne2 Bh6 12. Ng5 Bxg5 13. fxg5 Qf7 14. Be3 Qxc4 15. Nc3 Qf7 16. e5 c6 17. d5 cxd5 18. exd6 e6 19. Qb3 Nf4 20. Bd4 Nxg2 21. Nxd5 Qd7 22. Ne7+ Kf7 23. Kxg2 Qxd6 24. Nxc8 Qc6+ 25. Kg1 Qxc8 26. Qh3 Nc7 27. Qxh7+ Ke8 28. Rac1 Rf7 29. Qxg6 Qd7 30. Bf6 Kf8 31. Re3 Nd5 32. Rf3 a5 33. Bg7+ Ke8 34. Rxf7 Qxf7 35. Qxf7+ Kxf7 36. Bd4 Kg6 37. Re1 Nf4 38. Bf6 Rc8 39. h4 Rc2 40. Re3 Kh5 41. Rb3 Kxh4 42. g6+ Kh5 43. g7 Rc8 44. Rxb7 Ng6 45. Rb5+ Kh6 46. Bc3 e5 47. Bxe5 Nxe5 48. Rxe5 Kxg7 49. Rxa5 Rc2 50. Rb5 1-0

[Event "Warsaw YMCA Autumn 54th"]
[Site "Warsaw"]
[Date "2008.10.08"]
[Round "1"]
[White "Kowalewska, Agata"]
[Black "Tulwin, Michal"]
[Result "0-1"]
[WhiteElo "1600"]
[BlackElo "1794"]
[PlyCount "86"]
[EventDate "2008.10.07"]
[EventType "tourn"]
[EventRounds "13"]
[EventCountry "POL"]
[SourceTitle "EXT 2019"]
[Source "ChessBase"]
[SourceDate "2018.10.10"]
[SourceVersion "1"]
[SourceVersionDate "2018.10.10"]
[SourceQuality "1"]

1. e4 c5 2. Nf3 e6 3. d4 cxd4 4. Nxd4 a6 5. a3 Qc7 6. Nc3 b5 7. Be2 Bb7 8. 0-0 Nf6 9. Re1 Nxe4 10. Nxe4 Bxe4 11. Bxb5 Bxg2 12. Bxd7+ Nxd7 13. Kxg2 Bd6 14. Bg5 0-0 15. Qg4 Ne5 16. Qh3 Ng6 17. Rad1 Be5 18. c3 Bxd4 19. Rxd4 Qb7+ 20. Qf3 Qxb2 21. Rd7 Qb5 22. Rxf7 Qxg5+ 23. Kh1 Ne5 24. Rxf8+ Rxf8 25. Qe4 Ng4 26. Qxe6+ Kh8 27. h3 Nxf2+ 28. Kh2 Qf4+ 29. Kg2 Qf3+ 30. Kh2 Nd3 31. Re3 Qf2+ 32. Kh1 Nf4 33. Qe4 h6 34. c4 Rd8 35. Re1 Nxh3 36. a4 Ng5 37. Qe7 Qf3+ 38. Kg1 Nh3+ 39. Kh2 Rd2+ 40. Re2 Rxe2+ 41. Qxe2 Qxe2+ 42. Kxh3 Qf3+ 43. Kh4 g5# 0-1

[Event "POL-ch U16"]
[Site "Leba"]
[Date "2008.04.06"]
[Round "11"]
[White "Urbanski, Piotr"]
[Black "Tulwin, Michal"]
[Result "1-0"]
[WhiteElo "1786"]
[BlackElo "1806"]
[PlyCount "115"]
[EventDate "2008.03.29"]
[EventType "swiss"]
[EventRounds "11"]
[EventCountry "POL"]
[SourceTitle "CBM 123 Extra"]
[Source "ChessBase"]
[SourceDate "2008.05.06"]
[SourceVersion "1"]
[SourceVersionDate "2008.05.06"]
[SourceQuality "1"]

1. d4 f5 2. Nf3 g6 3. Bf4 Nf6 4. e3 Bg7 5. Nbd2 d6 6. Bc4 e6 7. c3 0-0 8. 0-0 Kh8 9. Re1 h6 10. h4 Nc6 11. Bb5 Ne7 12. Bh2 b6 13. Qb3 Bb7 14. Bd3 Ne4 15. Qc2 Nxd2 16. Nxd2 Ng8 17. Qb3 Qxh4 18. Qxe6 Qg5 19. Bf1 Rae8 20. Qc4 Re7 21. a4 Nf6 22. Bf4 Qh5 23. Be2 Ng4 24. Bxg4 Qxg4 25. f3 Qh5 26. a5 g5 27. Bh2 g4 28. f4 Bxg2 29. Kxg2 Qh3+ 30. Kh1 g3 31. Nf1 gxh2 32. Qe2 Rg8 33. Qxh2 Qf3+ 34. Qg2 Qh5+ 35. Qh2 Qf3+ 36. Qg2 Qxg2+ 37. Kxg2 Bxd4+ 38. Kf3 Bf6 39. axb6 axb6 40. Ng3 Bh4 41. Nxf5 Bxe1 42. Nxe7 Re8 43. Nd5 Bd2 44. Rd1 c6 45. Rxd2 cxd5 46. Rxd5 Rd8 47. e4 Kg7 48. e5 Kf7 49. Rxd6 Rxd6 50. exd6 Ke6 51. b4 Kxd6 52. c4 Ke6 53. Kg4 Kf6 54. c5 bxc5 55. bxc5 Ke6 56. Kh5 Kd5 57. Kxh6 Kxc5 58. f5 1-0

[Event "POL-ch U16"]
[Site "Leba"]
[Date "2008.03.30"]
[Round "2"]
[White "Matuszczyk, Przemyslaw"]
[Black "Tulwin, Michal"]
[Result "1-0"]
[WhiteElo "1975"]
[BlackElo "1806"]
[PlyCount "79"]
[EventDate "2008.03.29"]
[EventType "swiss"]
[EventRounds "11"]
[EventCountry "POL"]
[SourceTitle "CBM 123 Extra"]
[Source "ChessBase"]
[SourceDate "2008.05.06"]
[SourceVersion "1"]
[SourceVersionDate "2008.05.06"]
[SourceQuality "1"]

1. e4 c6 2. d4 d5 3. e5 c5 4. c3 Bf5 5. Bd3 Bxd3 6. Qxd3 e6 7. Ne2 Nd7 8. 0-0 Ne7 9. f4 h5 10. Nd2 c4 11. Qh3 Qb6 12. Kh1 0-0-0 13. b3 Qc6 14. Qf3 Nb6 15. a4 cxb3 16. a5 Nc4 17. Nxb3 Nf5 18. Ng3 Nh4 19. Qf2 g6 20. Nd2 Be7 21. Nxc4 Qxc4 22. Ba3 Bxa3 23. Rxa3 Rd7 24. Rb1 Qd3 25. Rab3 Nf5 26. Nf1 Rc7 27. Qb2 Qa6 28. Rb5 Rg8 29. Qb4 Kb8 30. Nd2 Re8 31. Nb3 Ree7 32. Nc5 Qc6 33. Rb6 axb6 34. axb6 Kc8 35. Qa5 Kd8 36. bxc7+ Rxc7 37. Rb6 Qe8 38. Rxb7 Qc6 39. Rb6 Qe8 40. Rb8+ 1-0

[Event "Warsaw AIG Life rapid 7th"]
[Site "Warsaw"]
[Date "2007.12.15"]
[Round "1"]
[White "Tomczak, Jacek"]
[Black "Tulwin, Michal"]
[Result "1/2-1/2"]
[WhiteElo "2443"]
[BlackElo "1767"]
[PlyCount "85"]
[EventDate "2007.12.15"]
[EventType "swiss (rapid)"]
[EventRounds "13"]
[EventCountry "POL"]
[SourceTitle "CBM 121 Extra"]
[Source "ChessBase"]
[SourceDate "2008.01.10"]
[SourceVersion "1"]
[SourceVersionDate "2008.01.10"]
[SourceQuality "1"]

1. e4 c5 2. Nf3 e6 3. d4 cxd4 4. Nxd4 a6 5. Bd3 Qc7 6. 0-0 b5 7. a4 b4 8. c4 Bb7 9. Be3 Nf6 10. Nd2 Bd6 11. g3 Nc6 12. Nxc6 Qxc6 13. f3 Qc7 14. Kg2 h5 15. Rc1 h4 16. Qe1 hxg3 17. hxg3 Nh5 18. Bf2 Bxg3 19. Bxg3 Nf4+ 20. Bxf4 Qxf4 21. Rh1 Qg5+ 22. Kf2 Rxh1 23. Qxh1 Qxd2+ 24. Be2 Qxb2 25. Rd1 Qf6 26. Qh2 Bxe4 27. Qd6 Bc6 28. Rh1 g6 29. Qxb4 g5 30. Rg1 Qd4+ 31. Kf1 Qa1+ 32. Kf2 Qd4+ 33. Kf1 Qf4 34. Rg4 Qf5 35. Kf2 f6 36. Rg1 Kf7 37. Rh1 g4 38. Qd6 gxf3 39. Bd3 Qg5 40. Rg1 Qd2+ 41. Kf1 Qd1+ 42. Kf2 Qd2+ 43. Kf1 1/2-1/2

[Event "Warsaw YMCA Autumn 39th"]
[Site "Warsaw"]
[Date "2007.11.20"]
[Round "9"]
[White "Wrabel, Antoni"]
[Black "Tulwin, Michal"]
[Result "1/2-1/2"]
[WhiteElo "1872"]
[BlackElo "1747"]
[PlyCount "53"]
[EventDate "2007.09.25"]
[EventType "tourn"]
[EventRounds "11"]
[EventCountry "POL"]
[SourceTitle "EXT 2019"]
[Source "ChessBase"]
[SourceDate "2018.10.10"]
[SourceVersion "1"]
[SourceVersionDate "2018.10.10"]
[SourceQuality "1"]

1. e4 c5 2. Nf3 a6 3. d4 cxd4 4. Nxd4 e6 5. c4 Qc7 6. Nc3 b6 7. Bd3 Bb7 8. 0-0 Nf6 9. Be3 Bd6 10. f4 Bc5 11. Qe2 d6 12. a3 Nc6 13. Nc2 Bxe3+ 14. Nxe3 Nd4 15. Qf2 Nb3 16. Rae1 Nc5 17. Qc2 Nxd3 18. Qxd3 Qc6 19. Nc2 Rc8 20. b3 b5 21. Qg3 0-0 22. Kh1 bxc4 23. b4 Nd7 24. e5 dxe5 25. fxe5 Nb6 26. Ne4 Nd5 27. Nd6 1/2-1/2

[Event "POL-sf U15 MA+WM"]
[Site "Besia"]
[Date "2007.10.25"]
[Round "10.4"]
[White "Kadziela, Konrad"]
[Black "Tulwin, Michal"]
[Result "0-1"]
[WhiteElo "1810"]
[BlackElo "1767"]
[PlyCount "42"]
[EventDate "2007.10.21"]
[EventType "tourn"]
[EventRounds "10"]
[EventCountry "POL"]
[SourceTitle "EXT 2023"]
[Source "ChessBase"]
[SourceDate "2022.10.05"]
[SourceVersion "1"]
[SourceVersionDate "2022.10.05"]
[SourceQuality "1"]

1. d4 f5 2. c4 Nf6 3. Nc3 g6 4. e3 Bg7 5. f4 0-0 6. Nf3 b6 7. Bd3 Bb7 8. 0-0 e6 9. Bd2 d6 10. Qc2 Nc6 11. a3 e5 12. dxe5 dxe5 13. fxe5 Ng4 14. e6 Nce5 15. Nxe5 Bxe5 16. h3 Qh4 17. Be1 Bh2+ 18. Kh1 Qxh3 19. Nd5 Bxd5 20. cxd5 Qh6 21. Rf2 Nxe3 0-1

[Event "POL-sf U15 MA+WM"]
[Site "Besia"]
[Date "2007.10.24"]
[Round "7.3"]
[White "Tulwin, Michal"]
[Black "Borowicz, Przemyslaw"]
[Result "0-1"]
[WhiteElo "1767"]
[BlackElo "1980"]
[PlyCount "48"]
[EventDate "2007.10.21"]
[EventType "tourn"]
[EventRounds "10"]
[EventCountry "POL"]
[SourceTitle "EXT 2023"]
[Source "ChessBase"]
[SourceDate "2022.10.05"]
[SourceVersion "1"]
[SourceVersionDate "2022.10.05"]
[SourceQuality "1"]

1. e4 e6 2. d4 d5 3. Nc3 Bb4 4. e5 c5 5. a3 Bxc3+ 6. bxc3 Ne7 7. Qg4 0-0 8. Bd3 Qc7 9. Bd2 Nbc6 10. Nf3 Ng6 11. Qh5 c4 12. Bxg6 fxg6 13. Qg4 Qf7 14. Kd1 Bd7 15. h4 Qf5 16. Qg3 Ne7 17. Bg5 Rae8 18. h5 Ba4 19. Rc1 Qd3+ 20. Bd2 gxh5 21. Rxh5 Ng6 22. Rg5 Re7 23. Qg4 Rf4 24. Qg3 Re4 0-1

[Event "POL-sf U15 MA+WM"]
[Site "Besia"]
[Date "2007.10.23"]
[Round "5.4"]
[White "Tulwin, Michal"]
[Black "Puczylowski, Marcin"]
[Result "1/2-1/2"]
[WhiteElo "1767"]
[BlackElo "1932"]
[PlyCount "66"]
[EventDate "2007.10.21"]
[EventType "tourn"]
[EventRounds "10"]
[EventCountry "POL"]
[SourceTitle "EXT 2023"]
[Source "ChessBase"]
[SourceDate "2022.10.05"]
[SourceVersion "1"]
[SourceVersionDate "2022.10.05"]
[SourceQuality "1"]

1. e4 c5 2. Nf3 Nc6 3. d4 cxd4 4. Nxd4 e5 5. Nb3 Nf6 6. Nc3 Bb4 7. f3 d5 8. exd5 Nxd5 9. Bd2 Nxc3 10. bxc3 Be7 11. Bd3 Be6 12. 0-0 0-0 13. f4 Qb6+ 14. Kh1 f5 15. Rb1 Qc7 16. fxe5 Qxe5 17. Re1 Qf6 18. Nd4 Nxd4 19. cxd4 Bxa2 20. Rxb7 Bd6 21. Be3 Rae8 22. Bg1 Bd5 23. Rb5 Be4 24. Bxe4 Rxe4 25. Rxe4 fxe4 26. Qe2 Qf1 27. Qxe4 Qxb5 28. Qe6+ Kh8 29. Qxd6 Qb8 30. Qa6 Rf6 31. Qa4 h6 32. c4 Rf1 33. d5 Qb6 1/2-1/2

[Event "POL-sf U15 MA+WM"]
[Site "Besia"]
[Date "2007.10.22"]
[Round "4.1"]
[White "Malec, Jakub"]
[Black "Tulwin, Michal"]
[Result "1-0"]
[WhiteElo "1617"]
[BlackElo "1767"]
[PlyCount "72"]
[EventDate "2007.10.21"]
[EventType "tourn"]
[EventRounds "10"]
[EventCountry "POL"]
[SourceTitle "EXT 2023"]
[Source "ChessBase"]
[SourceDate "2022.10.05"]
[SourceVersion "1"]
[SourceVersionDate "2022.10.05"]
[SourceQuality "1"]

1. e4 c5 2. Nf3 a6 3. Nc3 e6 4. d4 cxd4 5. Nxd4 b5 6. a3 Bb7 7. Bd3 Qc7 8. Be3 Nf6 9. h3 Be7 10. Nde2 d5 11. exd5 Nxd5 12. Nxd5 Bxd5 13. Nf4 Bc6 14. Rg1 Bd6 15. Qd2 Nd7 16. Ne2 Nc5 17. 0-0-0 0-0-0 18. Bxc5 Bxc5 19. Rdf1 Qb6 20. Qf4 f6 21. b4 Bd6 22. Qg4 Qc7 23. Qxe6+ Kb8 24. f3 Rhe8 25. Qf5 g6 26. Qxf6 Be5 27. Qh4 Rxd3 28. cxd3 Bxf3+ 29. Kb1 Bxe2 30. Rc1 Bxd3+ 31. Ka2 Qf7+ 32. Rc4 Bxc4+ 33. Kb1 Qf5+ 34. Kc1 Bf4+ 35. Kb2 Re2+ 36. Ka1 Ra2# 1-0

[Event "Warsaw YMCA Autumn 39th"]
[Site "Warsaw"]
[Date "2007.10.16"]
[Round "6"]
[White "Tulwin, Michal"]
[Black "Tomaszewska, Luiza"]
[Result "1-0"]
[WhiteElo "1747"]
[BlackElo "1819"]
[PlyCount "67"]
[EventDate "2007.09.25"]
[EventType "tourn"]
[EventRounds "11"]
[EventCountry "POL"]
[SourceTitle "EXT 2019"]
[Source "ChessBase"]
[SourceDate "2018.10.10"]
[SourceVersion "1"]
[SourceVersionDate "2018.10.10"]
[SourceQuality "1"]

1. e4 c5 2. Nf3 e6 3. d4 cxd4 4. Nxd4 Nf6 5. Nc3 Nc6 6. Be3 Bb4 7. f3 0-0 8. Bd3 d5 9. 0-0 Bc5 10. Nce2 Qb6 11. Kh1 Nxd4 12. b4 Qxb4 13. c3 Qb6 14. cxd4 Be7 15. e5 Nd7 16. f4 f5 17. g4 Qd8 18. Rg1 Nb6 19. gxf5 exf5 20. Qf1 Be6 21. Qh3 Rf7 22. Ng3 Qd7 23. Rg2 Kh8 24. Nh5 Rg8 25. Rag1 Nc4 26. Bf2 b5 27. Bh4 Bxh4 28. Qxh4 Ne3 29. Rg5 a5 30. Nf6 Rxf6 31. exf6 g6 32. Rxg6 Rxg6 33. Rxg6 Qc6 34. f7 1-0

[Event "Warsaw YMCA Autumn 39th"]
[Site "Warsaw"]
[Date "2007.09.25"]
[Round "1"]
[White "Piotrowski, Arkadiusz"]
[Black "Tulwin, Michal"]
[Result "1-0"]
[WhiteElo "1929"]
[BlackElo "1747"]
[PlyCount "137"]
[EventDate "2007.09.25"]
[EventType "tourn"]
[EventRounds "11"]
[EventCountry "POL"]
[SourceTitle "EXT 2019"]
[Source "ChessBase"]
[SourceDate "2018.10.10"]
[SourceVersion "1"]
[SourceVersionDate "2018.10.10"]
[SourceQuality "1"]

1. e4 c5 2. d4 e6 3. Nf3 cxd4 4. c3 d3 5. Bxd3 b6 6. 0-0 Bb7 7. Bf4 Nf6 8. Qe2 Be7 9. Rd1 0-0 10. c4 d6 11. Nc3 Nbd7 12. Rac1 e5 13. Bg5 Nc5 14. Bb1 h6 15. Bh4 Rc8 16. Nxe5 Nfxe4 17. Nxe4 Bxe4 18. Bxe4 Nxe4 19. Qxe4 Bxh4 20. Nc6 Re8 21. Qd5 Qc7 22. Nd4 Qc5 23. Qxc5 dxc5 24. Nf5 Bg5 25. Rb1 Rcd8 26. Kf1 g6 27. Ng3 Rxd1+ 28. Rxd1 Rd8 29. Rxd8+ Bxd8 30. Ne2 Bf6 31. b3 Be5 32. f4 Bf6 33. Kf2 Kf8 34. Kf3 Ke7 35. Ke4 Ke6 36. g4 g5 37. h3 a5 38. Ng3 gxf4 39. Nf5 Bg5 40. h4 Bf6 41. Kxf4 Be5+ 42. Ke4 Bf6 43. a3 Bd8 44. Ng7+ Kf6 45. Nf5 Ke6 46. h5 Bg5 47. Ng7+ Kd6 48. Kf5 Ke7 49. Ke4 Kd6 50. Nf5+ Ke6 51. Ng3 Bf6 52. Ne2 Be5 53. Nc1 Bd6 54. Nd3 Bc7 55. Ne1 Be5 56. Ng2 Bd4 57. Nf4+ Kd6 58. Nd5 Kc6 59. Ne7+ Kd7 60. Nf5 Ke6 61. Nxh6 f6 62. Nf5 Be5 63. Ne3 Bc7 64. Nd5 Bd8 65. h6 Kf7 66. Kf5 Kg8 67. Nxf6+ Bxf6 68. Kxf6 Kh8 69. g5 1-0

[Event "POL-chT U19 2nd League"]
[Site "Lublin"]
[Date "2007.07.14"]
[Round "10"]
[White "Wieczorek, Oskar"]
[Black "Tulwin, Michal"]
[Result "1-0"]
[WhiteElo "2129"]
[BlackElo "1747"]
[PlyCount "59"]
[EventDate "2007.07.07"]
[EventType "team-swiss"]
[EventRounds "11"]
[EventCountry "POL"]
[SourceTitle "EXT 2010"]
[Source "ChessBase"]
[SourceDate "2010.11.25"]
[SourceVersion "1"]
[SourceVersionDate "2010.11.25"]
[SourceQuality "1"]
[WhiteTeam "Wroclaw KS Polonia U19"]
[BlackTeam "Warszawa KS Wesola U19"]
[WhiteTeamCountry "POL"]
[BlackTeamCountry "POL"]

1. e4 c5 2. Nf3 Nf6 3. Nc3 d5 4. exd5 Nxd5 5. Ne5 Nf6 6. Bc4 e6 7. 0-0 Bd6 8. Re1 a6 9. a4 Qc7 10. Qe2 0-0 11. d3 Nc6 12. Nxc6 Qxc6 13. a5 b5 14. axb6 Bb7 15. f3 Qxb6 16. Ne4 Nxe4 17. fxe4 Be5 18. c3 Qc7 19. g3 Qc6 20. Be3 f5 21. Ra5 fxe4 22. Rxc5 Qd6 23. Qg4 Rae8 24. d4 Bf6 25. Bf4 Qb6 26. b4 Kh8 27. Bc7 Bxd4+ 28. cxd4 Qxb4 29. Qe2 Rf3 30. Be5 1-0

[Event "Ursus op"]
[Site "Ursus"]
[Date "2006.05.28"]
[Round "5"]
[White "Dominiczak, Adrian"]
[Black "Tulwin, Michal"]
[Result "1/2-1/2"]
[WhiteElo "1800"]
[BlackElo "1792"]
[PlyCount "31"]
[EventDate "2006.05.27"]
[EventType "swiss"]
[EventRounds "9"]
[EventCountry "POL"]
[SourceTitle "EXT 2008"]
[Source "ChessBase"]
[SourceDate "2007.11.25"]
[SourceVersion "1"]
[SourceVersionDate "2007.11.25"]
[SourceQuality "1"]

1. e4 c5 2. Nf3 Nc6 3. d4 cxd4 4. Nxd4 e5 5. Nb3 Nf6 6. Bg5 Be7 7. Nc3 Nxe4 8. Nxe4 Bxg5 9. Nd6+ Kf8 10. Bc4 Qe7 11. Bxf7 Nd4 12. Ne4 Qxf7 13. Nxg5 Qg6 14. Nxd4 Qxg5 15. Qf3+ Qf6 16. Qxf6+ 1/2-1/2